000 00502nam a2200193Ia 4500
005 20230328100650.0
008 131103s9999 xx 000 0 und d
040 _aLoreto College
041 _aEnglish
082 _a822.91
_bSHA
100 _aShaw, Bernard
245 _aPlays & players
_b essays on the theatre
_cBernard Shaw
260 _aLondon
_bOxford University Press
_c1950
300 _axv,349p.
504 _aIncludes index
650 _aEnglish play
850 _aLCLIB
942 _cBK
999 _c22073
_d72552